000 00511nam a22002177a 4500
003 UA-OsUOA
001 64744
007 ta
008 20091109b un ||||| |||| 00| 0 ukr d
090 _a94(438)
942 _cBK
040 _aUA-OsUOA
_bpol
_cUA-OsUOA
_dUA-OsUOA
245 _aKroniki staroruskie
300 _a290 с.
955 _a1
041 _apol
080 _a94(438)
260 _aWarshawa
_c1987
650 7 _a9 Географія. Біографії. Історія
_2UDC
999 _c350710
_d350710